000 00459nam a2200169Ia 4500
005 20240405022420.0
008 240331s9999 xx 000 0 und d
020 _a8170367603
082 _bFRA
_a330.9
100 _aFrank, Gunder Andre
245 0 _aReorient :
_bglobal economy in the Asian age
_cAndre Gunder Frank
260 _aNew Delhi :
_bVistaar Publications /
_c1998
300 _axxix, 416 p .,
650 _aGlobal
650 _aHistory
942 _cL
999 _c2581
_d2581